| 000 | 00442cam a2200181ua 4500 | ||
|---|---|---|---|
| 001 | 5176 | ||
| 008 | 120730n ii |||gr||||Z||||||eng | ||
| 040 | _cMAIN | ||
| 082 | _a821 | ||
| 100 |
_aMilton, John, _eAuthor, |
||
| 245 | 1 | 1 |
_aSamson agonistes _cby John Milton |
| 250 | _a1st. | ||
| 260 |
_aAgra: _bLakshmi narain agarwal. |
||
| 300 |
_axl;229p: _c15cm. |
||
| 653 | _aEnglish poetry | ||
| 700 |
_aBanerjee, S. K., _eEditor, |
||
| 942 | _cBK | ||
| 999 |
_c4358 _d4358 |
||